[Event "Turkish Super League 2019"]
[Site "Konya"]
[Date "2019.07.19"]
[Round "3"]
[White "Selbes, Tarik"]
[Black "Ertan, Can"]
[Result "0-1"]
[WhiteElo "2342"]
[BlackElo "2396"]
[Annotator "NA"]
[PlyCount "78"]
[EventDate "2019.07.17"]
[EventType "team-tourn"]
[EventCountry "TUR"]
[SourceTitle "playchess.com"]
[Source "ChessBase"]
[SourceQuality "1"]
[TimeControl "40/5400+30:1800+30"]

1. d4 {[%emt 0:19:30]} Nf6 {[%emt 0:32:30]} 2. c4 {[%emt 0:00:30]} e6 {[%emt 0:00:30]} 3. a3 {[%emt 0:00:30]} b6 {[%emt 0:00:30]} 4. Nc3 {[%emt 0:00:30]} d5 {[%emt 0:00:30]} 5. cxd5 {[%emt 0:00:30]} exd5 {[%emt 0:00:30]} 6. Bg5 {[%emt 0:00:30]} Be7 {[%emt 0:00:30]} 7. e3 {[%emt 0:00:30]} O-O {[%emt 0:00:30]} 8. Nf3 {[%emt 0:00:30]} h6 {[%emt 0:00:30]} 9. Bf4 {[%emt 0:00:30]} Nh5 {[%emt 0:00:30]} 10. Be5 {[%emt 0:00:30]} Nc6 {[%emt 0:00:30]} 11. Rc1 {[%emt 0:00:30]} Nf6 {[%emt 0:00:30]} 12. Nb5 {[%emt 0:00:30]} Nxe5 {[%emt 0:00:30]} 13. Nxe5 {[%emt 0:01:30]} c5 {[%emt 0:00:30]} 14. Be2 {[%emt 0:05:30]} Bb7 {[%emt 0:04:30]} 15. Bf3 {[%emt 0:04:30]} Nd7 {[%emt 0:06:30]} 16. Nd3 {[%emt 0:01:30]} c4 {[%emt 0:07:30]} 17. Nf4 {[%emt 0:00:30]} Nf6 {[%emt 0:00:30]} 18. h4 {[%emt 0:05:30]} Ne4 {[%emt 0:06:30]} 19. Bxe4 {[%emt 0:03:30]} dxe4 {[%emt 0:01:30]} 20. Qh5 {[%emt 0:15:30]} Qd7 {[%emt 0:02:30]} 21. Nc3 {[%emt 0:15:30]} Rad8 {[%emt 0:03:30]} 22. g4 {[%emt 0:03:18]} Bd6 {[%emt 0:03:30]} 23. Nce2 {[%emt 0:00:31]} b5 {[%emt 0:01:30]} 24. g5 {[%emt 0:00:51]} g6 {[%emt 0:00:30]} 25. Qxh6 {[%emt 0:02:20]} Rfe8 {[%emt 0:00:30]} 26. Nh5 {[%emt 0:06:47]} gxh5 {[%emt 0:01:30]} 27. g6 {[%emt 0:00:02]} fxg6 {[%emt 0:08:28]} 28. Qxg6+ {[%emt 0:00:59]} Kh8 {[%emt 0:00:14]} 29. Rg1 {[%emt 0:01:28]} Re6 {[%emt 0:02:17]} 30. Qxh5+ {[%emt 0:01:31]} Qh7 {[%emt 0:00:04]} 31. Qxb5 {[%emt 0:00:05]} Ba6 {[%emt 0:00:35]} 32. Qa5 {[%emt 0:01:32]} Rf8 {[%emt 0:04:34]} 33. Rg5 {[%emt 0:01:08]} Rh6 {[%emt 0:00:12]} 34. Ng3 {[%emt 0:06:03]} Rxh4 {[%emt 0:00:12]} 35. Nf5 {[%emt 0:01:41]} Rh5 {[%emt 0:01:31]} 36. Nxd6 {[%emt 0:01:12]} Rxg5 {[%emt 0:00:15]} 37. Qxg5 {[%emt 0:00:27]} Qh1+ {[%emt 0:00:03]} 38. Ke2 {[%emt 0:00:03]} c3+ {[%emt 0:00:05]} 39. Nb5 {[%emt 0:00:52]} Qf3+ {[%emt 0:00:30]} 0-1

[Event "Turkish Super League 2019"]
[Site "Konya"]
[Date "2019.07.19"]
[Round "3"]
[White "Ozturk, Kubra"]
[Black "Daulyte-Cornette, Deimante"]
[Result "1/2-1/2"]
[WhiteElo "2317"]
[BlackElo "2444"]
[Annotator "NA"]
[PlyCount "71"]
[EventDate "2019.07.17"]
[EventType "team-tourn"]
[EventCountry "TUR"]
[SourceTitle "playchess.com"]
[Source "ChessBase"]
[SourceQuality "1"]
[TimeControl "40/5400+30:1800+30"]

1. d4 {[%emt 0:22:30]} Nf6 {[%emt 0:24:30]} 2. c4 {[%emt 0:00:30]} e6 {[%emt 0:00:30]} 3. Nc3 {[%emt 0:00:30]} Bb4 {[%emt 0:00:30]} 4. e3 {[%emt 0:00:30]} O-O {[%emt 0:00:30]} 5. Nge2 {[%emt 0:00:30]} Re8 {[%emt 0:00:30]} 6. a3 {[%emt 0:00:30]} Bf8 {[%emt 0:00:30]} 7. Ng3 {[%emt 0:00:30]} d5 {[%emt 0:00:30]} 8. cxd5 {[%emt 0:00:30]} exd5 {[%emt 0:00:30]} 9. b4 {[%emt 0:00:30]} a5 {[%emt 0:00:30]} 10. Rb1 {[%emt 0:00:30]} axb4 {[%emt 0:00:30]} 11. axb4 {[%emt 0:00:30]} Nc6 {[%emt 0:00:30]} 12. b5 {[%emt 0:00:30]} Na5 {[%emt 0:00:30]} 13. Bd3 {[%emt 0:00:30]} c5 {[%emt 0:00:30]} 14. bxc6 {[%emt 0:00:30]} bxc6 {[%emt 0:00:30]} 15. O-O {[%emt 0:00:30]} Ba6 {[%emt 0:00:30]} 16. Bxa6 {[%emt 0:10:30]} Rxa6 {[%emt 0:00:30]} 17. Qd3 {[%emt 0:00:30]} Rb6 {[%emt 0:06:30]} 18. Rxb6 {[%emt 0:10:30]} Qxb6 {[%emt 0:00:00]} 19. Bd2 {[%emt 0:09:30]} Nc4 20. Rb1 {[%emt 0:00:30]} Qc7 {[%emt 0:03:30]} 21. Bc1 {[%emt 0:02:30]} h5 {[%emt 0:11:30]} 22. h3 {[%emt 0:05:30]} g6 {[%emt 0:02:30]} 23. Nf1 {[%emt 0:01:30]} Bh6 {[%emt 0:10:30]} 24. e4 {[%emt 0:10:30]} Bxc1 {[%emt 0:00:30]} 25. exd5 {[%emt 0:00:30]} cxd5 {[%emt 0:17:07]} 26. Rxc1 {[%emt 0:00:00]} Rc8 {[%emt 0:00:00]} 27. Ne3 {[%emt 0:03:23]} Nxe3 {[%emt 0:03:04]} 28. Qxe3 {[%emt 0:00:03]} Ne4 {[%emt 0:06:53]} 29. Ne2 {[%emt 0:01:30]} Qd7 {[%emt 0:00:35]} 30. Rxc8+ {[%emt 0:00:30]} Qxc8 {[%emt 0:00:00]} 31. f3 {[%emt 0:02:00]} Nf6 {[%emt 0:03:19]} 32. Qe5 {[%emt 0:00:30]} Qe6 {[%emt 0:00:32]} 33. Nf4 {[%emt 0:00:45]} Qxe5 {[%emt 0:02:03]} 34. dxe5 {[%emt 0:00:30]} Nd7 {[%emt 0:00:00]} 35. Nxd5 {[%emt 0:08:41]} Nxe5 {[%emt 0:00:03]} 36. h4 {[%emt 0:00:30]} 1/2-1/2

[Event "Turkish Super League 2019"]
[Site "Konya"]
[Date "2019.07.19"]
[Round "3"]
[White "Tasdogen, Dincer"]
[Black "Samani, Yamac"]
[Result "1/2-1/2"]
[WhiteElo "2310"]
[BlackElo "2266"]
[Annotator "NA"]
[PlyCount "60"]
[EventDate "2019.07.17"]
[EventType "team-tourn"]
[EventCountry "TUR"]
[SourceTitle "playchess.com"]
[Source "ChessBase"]
[SourceQuality "1"]
[TimeControl "40/5400+30:1800+30"]

1. e4 {[%emt 0:24:30]} c5 {[%emt 0:24:30]} 2. Nf3 {[%emt 0:00:30]} d6 {[%emt 0:00:30]} 3. g3 {[%emt 0:00:30]} Nf6 {[%emt 0:00:30]} 4. d3 {[%emt 0:00:30]} g6 {[%emt 0:00:30]} 5. Bg2 {[%emt 0:00:30]} Bg7 {[%emt 0:00:30]} 6. O-O {[%emt 0:00:30]} O-O {[%emt 0:00:30]} 7. Re1 {[%emt 0:00:30]} Nc6 {[%emt 0:00:30]} 8. c3 {[%emt 0:00:30]} e5 {[%emt 0:00:30]} 9. a3 {[%emt 0:00:30]} a5 {[%emt 0:00:30]} 10. a4 {[%emt 0:00:30]} h6 {[%emt 0:00:30]} 11. Na3 {[%emt 0:00:30]} Re8 {[%emt 0:00:30]} 12. Nd2 {[%emt 0:00:30]} Be6 {[%emt 0:00:30]} 13. Ndc4 {[%emt 0:00:30]} d5 {[%emt 0:00:30]} 14. exd5 {[%emt 0:00:30]} Nxd5 {[%emt 0:00:30]} 15. Nb5 {[%emt 0:00:30]} Re7 {[%emt 0:00:30]} 16. Qc2 {[%emt 0:09:30]} Rd7 {[%emt 0:01:30]} 17. b3 {[%emt 0:08:30]} Rc8 {[%emt 0:11:30]} 18. Ba3 {[%emt 0:01:30]} b6 {[%emt 0:02:30]} 19. Rad1 {[%emt 0:03:30]} h5 {[%emt 0:04:30]} 20. Bf3 {[%emt 0:08:30]} Bf5 {[%emt 0:04:30]} 21. Qe2 {[%emt 0:10:30]} h4 {[%emt 0:15:30]} 22. Bb2 {[%emt 0:00:00]} hxg3 {[%emt 0:01:30]} 23. hxg3 {[%emt 0:00:00]} Nde7 {[%emt 0:02:30]} 24. Be4 {[%emt 0:08:30]} Be6 {[%emt 0:00:30]} 25. Bg2 {[%emt 0:05:06]} Nd5 {[%emt 0:01:30]} 26. Nd2 {[%emt 0:02:40]} Nde7 {[%emt 0:02:30]} 27. Nc4 {[%emt 0:00:15]} Nd5 {[%emt 0:01:30]} 28. Nd2 {[%emt 0:00:33]} Nde7 {[%emt 0:05:59]} 29. Nc4 {[%emt 0:00:43]} Nd5 {[%emt 0:00:30]} 30. Nd2 {[%emt 0:00:00]} Nde7 {[%emt 0:00:12]} 1/2-1/2

[Event "Turkish Super League 2019"]
[Site "Konya"]
[Date "2019.07.19"]
[Round "3"]
[White "Caglar, Sila"]
[Black "Atalik, Ekaterina"]
[Result "1/2-1/2"]
[WhiteElo "2306"]
[BlackElo "2459"]
[Annotator "ChessBase"]
[PlyCount "109"]
[EventDate "2019.07.17"]
[EventType "team-tourn"]
[EventCountry "TUR"]
[SourceTitle "playchess.com"]
[Source "ChessBase"]
[SourceQuality "1"]
[TimeControl "40/5400+30:1800+30"]

1. e4 e5 2. Nf3 Nc6 3. Bc4 Bc5 4. c3 Nf6 5. d3 d6 6. a4 a5 7. Bg5 h6 8. Bh4 Qe7 9. Qb3 g5 10. Bg3 Nh5 11. Nbd2 O-O 12. h3 Nd8 13. d4 Ba7 14. O-O-O Nxg3 15. fxg3 c6 16. g4 Kg7 17. Qa3 Rb8 18. dxe5 Bc5 19. exd6 Bxd6 20. Qa2 b5 21. axb5 cxb5 22. Bd5 a4 23. e5 Bc7 24. h4 Bxg4 25. hxg5 h5 26. Qb1 b4 27. c4 a3 28. Qe4 b3 29. Kb1 axb2 30. Qf4 Rb6 31. Qf6+ Qxf6 32. gxf6+ Kh6 33. Kxb2 Ne6 34. Bxe6 Rxe6 35. Rde1 Rb8 36. Re4 Bf5 37. Reh4 Bg6 38. Re1 Rbe8 39. c5 Bxe5+ 40. Nxe5 Rxe5 41. Rxe5 Rxe5 42. c6 Re2 43. Rd4 Rxg2 44. Kxb3 Bf5 45. Rd8 Be6+ 46. Kc3 Rg3+ 47. Kd4 Ra3 48. Ne4 {[%emt 2:15:38]} Ra4+ {[%emt 2:02:00]} 49. Ke5 {[%emt 0:03:47]} Rc4 {[%emt 0:00:30]} 50. Ng3 {[%emt 0:02:04]} Rxc6 {[%emt 0:03:09]} 51. Rh8+ {[%emt 0:01:11]} Kg6 {[%emt 0:03:34]} 52. Rg8+ {[%emt 0:00:33]} Kh7 {[%emt 0:00:28]} 53. Rg7+ {[%emt 0:02:31]} Kh8 {[%emt 0:00:43]} 54. Rg5 {[%emt 0:00:24]} Rc5+ {[%emt 0:02:14]} 55. Ke4 {[%emt 0:00:30]} 1/2-1/2

[Event "Turkish Super League 2019"]
[Site "Konya"]
[Date "2019.07.19"]
[Round "3"]
[White "Dordzhieva, Dinara"]
[Black "Savina, Anastasia"]
[Result "1/2-1/2"]
[WhiteElo "2306"]
[BlackElo "2344"]
[Annotator "NA"]
[PlyCount "94"]
[EventDate "2019.07.17"]
[EventType "team-tourn"]
[EventCountry "TUR"]
[SourceTitle "playchess.com"]
[Source "ChessBase"]
[SourceQuality "1"]
[TimeControl "40/5400+30:1800+30"]

1. d4 Nf6 2. c4 g6 3. Nc3 Bg7 4. Nf3 O-O 5. g3 d6 6. Bg2 Nc6 7. O-O e5 8. dxe5 dxe5 9. Qxd8 Rxd8 10. Bg5 Be6 11. Nd2 h6 12. Bxf6 Bxf6 13. Nde4 Be7 14. Nd5 Rac8 15. Nxe7+ Nxe7 16. b3 b6 17. Rfd1 f5 18. Nc3 c6 19. h4 Kf7 20. e3 Kf6 21. f4 g5 22. hxg5+ hxg5 23. Kf2 Bf7 24. Rxd8 Rxd8 25. Rd1 Rxd1 26. Nxd1 b5 27. cxb5 cxb5 28. Nc3 b4 29. Nb5 a6 30. Nd6 gxf4 31. gxf4 Bd5 32. Ne8+ Kf7 33. Nc7 Bxg2 34. Kxg2 e4 35. Nxa6 Nd5 36. Kf2 Ke7 37. Nc5 Nc3 38. Na4 Nxa2 39. Nb6 Ke6 40. Nc4 Nc1 41. Nd2 Nd3+ 42. Kg3 Kf6 {[%emt 2:15:30]} 43. Nc4 {[%emt 2:00:30]} Nc1 {[%emt 0:00:30]} 44. Na5 {[%emt 0:01:30]} Kg6 {[%emt 0:04:05]} 45. Nc6 {[%emt 0:01:23]} Nxb3 {[%emt 0:01:01]} 46. Nxb4 {[%emt 0:00:04]} Nd2 {[%emt 0:00:39]} 47. Nc6 {[%emt 0:00:30]} Kf6 {[%emt 0:01:07]} 1/2-1/2

[Event "Turkish Super League 2019"]
[Site "Konya"]
[Date "2019.07.19"]
[Round "3"]
[White "Injac, Teodora"]
[Black "Osmak, Iulija"]
[Result "0-1"]
[WhiteElo "2305"]
[BlackElo "2395"]
[Annotator "NA"]
[PlyCount "96"]
[EventDate "2019.07.17"]
[EventType "team-tourn"]
[EventCountry "TUR"]
[SourceTitle "playchess.com"]
[Source "ChessBase"]
[SourceQuality "1"]
[TimeControl "40/5400+30:1800+30"]

1. d4 Nf6 2. Nf3 e6 3. e3 b6 4. Bd3 Bb7 5. O-O c5 6. c4 g6 7. Nc3 Bg7 8. d5 exd5 9. cxd5 Nxd5 10. Nb5 O-O 11. Nd6 Bc6 12. e4 Nc7 13. Bg5 Bf6 14. h4 Ne6 15. Qd2 a5 16. Rae1 Na6 17. e5 Be7 18. Be4 Nxg5 19. Nxg5 Nc7 20. Rd1 f6 21. Bxc6 dxc6 22. exf6 Bxf6 23. Qe2 Bxg5 24. Ne4 Nd5 25. Nxg5 Qf6 26. Rde1 Ra7 27. Qg4 Re7 28. Rxe7 Qxe7 29. Qd1 Qf6 30. Qc2 Re8 31. Rd1 Kg7 32. a3 Re5 33. Nf3 Re7 34. Ng5 Nf4 35. Qb3 b5 36. Kh2 Nd5 37. Qc2 c4 38. Kg1 Nf4 39. a4 Nd3 40. axb5 cxb5 41. Rb1 a4 42. Qd2 Qf4 43. Qc3+ Qe5 44. Qa5 Qd4 45. Qxb5 {[%emt 2:13:59]} Qxf2+ {[%emt 2:01:30]} 46. Kh2 {[%emt 0:00:30]} Nf4 {[%emt 0:01:30]} 47. Rg1 {[%emt 0:05:47]} Qxh4+ {[%emt 0:00:49]} 48. Nh3 {[%emt 0:00:04]} Nxh3 {[%emt 0:00:11]} 0-1

[Event "Turkish Super League 2019"]
[Site "Konya"]
[Date "2019.07.19"]
[Round "3"]
[White "Sevgi, Volkan"]
[Black "Can, Isik"]
[Result "0-1"]
[WhiteElo "2302"]
[BlackElo "2374"]
[Annotator "NA"]
[PlyCount "66"]
[EventDate "2019.07.17"]
[EventType "team-tourn"]
[EventCountry "TUR"]
[SourceTitle "playchess.com"]
[Source "ChessBase"]
[SourceQuality "1"]
[TimeControl "40/5400+30:1800+30"]

1. e4 {[%emt 0:22:30]} c6 {[%emt 0:24:30]} 2. Nc3 {[%emt 0:00:30]} d5 {[%emt 0:00:30]} 3. Nf3 {[%emt 0:00:30]} Nf6 {[%emt 0:00:30]} 4. e5 {[%emt 0:00:30]} Ne4 {[%emt 0:00:30]} 5. Ne2 {[%emt 0:00:30]} Qb6 {[%emt 0:00:30]} 6. d4 {[%emt 0:00:30]} e6 {[%emt 0:00:30]} 7. Nfg1 {[%emt 0:00:30]} f6 {[%emt 0:00:30]} 8. f3 {[%emt 0:00:30]} Ng5 {[%emt 0:00:30]} 9. exf6 {[%emt 0:00:30]} gxf6 {[%emt 0:00:30]} 10. f4 {[%emt 0:00:30]} Nf7 {[%emt 0:00:30]} 11. Ng3 {[%emt 0:00:30]} e5 {[%emt 0:00:30]} 12. fxe5 {[%emt 0:00:30]} fxe5 {[%emt 0:00:30]} 13. Nf3 {[%emt 0:00:30]} Be6 {[%emt 0:00:30]} 14. Be2 {[%emt 0:00:30]} Nd7 {[%emt 0:14:30]} 15. Ng5 {[%emt 0:07:30]} Nxg5 {[%emt 0:00:30]} 16. Bxg5 {[%emt 0:00:30]} Be7 {[%emt 0:01:30]} 17. Bh5+ {[%emt 0:39:30]} Kd8 {[%emt 0:02:30]} 18. Bxe7+ {[%emt 0:00:00]} Kxe7 {[%emt 0:00:00]} 19. O-O {[%emt 0:00:00]} Raf8 {[%emt 0:14:00]} 20. Bf3 {[%emt 0:10:49]} Kd6 {[%emt 0:17:19]} 21. Ne2 {[%emt 0:05:09]} e4 {[%emt 0:05:06]} 22. Bh5 {[%emt 0:00:19]} Nf6 {[%emt 0:00:01]} 23. c4 {[%emt 0:03:52]} dxc4 {[%emt 0:00:31]} 24. Nc3 {[%emt 0:01:17]} Nxh5 {[%emt 0:09:06]} 25. Qxh5 {[%emt 0:01:22]} Qxd4+ {[%emt 0:00:05]} 26. Kh1 {[%emt 0:00:00]} Rxf1+ {[%emt 0:03:46]} 27. Rxf1 {[%emt 0:00:00]} Qe5 {[%emt 0:00:10]} 28. Rd1+ {[%emt 0:03:31]} Bd5 {[%emt 0:00:30]} 29. Qf7 {[%emt 0:00:01]} e3 {[%emt 0:00:44]} 30. Qxb7 {[%emt 0:01:37]} e2 {[%emt 0:00:10]} 31. Re1 {[%emt 0:00:57]} Rf8 {[%emt 0:00:15]} 32. Qb4+ {[%emt 0:00:03]} c5 {[%emt 0:00:07]} 33. Nb5+ {[%emt 0:00:17]} Kd7 {[%emt 0:00:14]} 0-1

[Event "Turkish Super League 2019"]
[Site "Konya"]
[Date "2019.07.19"]
[Round "3"]
[White "Eren, Ataberk"]
[Black "Kamer, Kayra"]
[Result "0-1"]
[WhiteElo "2295"]
[BlackElo "2340"]
[Annotator "NA"]
[PlyCount "66"]
[EventDate "2019.07.17"]
[EventType "team-tourn"]
[EventCountry "TUR"]
[SourceTitle "playchess.com"]
[Source "ChessBase"]
[SourceQuality "1"]
[TimeControl "40/5400+30:1800+30"]

1. e4 {[%emt 0:36:30]} c5 {[%emt 0:11:30]} 2. Nf3 {[%emt 0:00:30]} e6 {[%emt 0:00:30]} 3. d4 {[%emt 0:00:30]} cxd4 {[%emt 0:00:30]} 4. Nxd4 {[%emt 0:00:30]} a6 {[%emt 0:00:30]} 5. Nc3 {[%emt 0:00:30]} b5 {[%emt 0:00:30]} 6. g3 {[%emt 0:00:30]} Bb7 {[%emt 0:00:30]} 7. Bg2 {[%emt 0:00:30]} Nf6 {[%emt 0:00:30]} 8. O-O {[%emt 0:00:30]} b4 {[%emt 0:00:30]} 9. Na4 {[%emt 0:00:30]} Bxe4 {[%emt 0:00:30]} 10. Bxe4 {[%emt 0:00:30]} Nxe4 {[%emt 0:00:30]} 11. Re1 {[%emt 0:00:30]} Nc5 {[%emt 0:00:30]} 12. Qf3 {[%emt 0:00:30]} Ra7 {[%emt 0:01:30]} 13. Nxc5 {[%emt 0:00:30]} Bxc5 {[%emt 0:00:30]} 14. Be3 {[%emt 0:00:30]} Qb6 {[%emt 0:01:30]} 15. Nf5 {[%emt 0:13:30]} O-O {[%emt 0:00:30]} 16. Nxg7 {[%emt 0:17:30]} Bxe3 {[%emt 0:00:30]} 17. Nh5 {[%emt 0:11:06]} Bxf2+ {[%emt 0:05:30]} 18. Kg2 {[%emt 0:01:11]} f5 {[%emt 0:00:30]} 19. Qf4 {[%emt 0:00:15]} Bd4 {[%emt 0:02:30]} 20. Rad1 {[%emt 0:01:36]} Qc6+ {[%emt 0:03:30]} 21. Kh3 {[%emt 0:00:10]} e5 {[%emt 0:00:30]} 22. Qh4 {[%emt 0:00:36]} Qg6 {[%emt 0:01:30]} 23. Kg2 {[%emt 0:00:49]} d6 {[%emt 0:01:30]} 24. c3 {[%emt 0:01:10]} bxc3 {[%emt 0:00:30]} 25. bxc3 {[%emt 0:00:00]} Bxc3 {[%emt 0:01:30]} 26. Qc4+ {[%emt 0:00:00]} Raf7 {[%emt 0:00:30]} 27. Qxc3 {[%emt 0:00:14]} Qxh5 {[%emt 0:00:30]} 28. Rxd6 {[%emt 0:00:00]} f4 {[%emt 0:00:30]} 29. h4 {[%emt 0:02:39]} fxg3 {[%emt 0:00:30]} 30. Rxe5 {[%emt 0:00:54]} Rf2+ {[%emt 0:00:30]} 31. Kg1 {[%emt 0:00:06]} Rf1+ {[%emt 0:00:30]} 32. Kg2 {[%emt 0:00:31]} R8f2+ {[%emt 0:00:00]} 33. Kh3 {[%emt 0:00:00]} Rh2+ {[%emt 0:00:00]} 0-1

[Event "Turkish Super League 2019"]
[Site "Konya"]
[Date "2019.07.19"]
[Round "3"]
[White "Yildiz Kadioglu, Betul Cemre"]
[Black "Buksa, Nataliya"]
[Result "1/2-1/2"]
[WhiteElo "2290"]
[BlackElo "2379"]
[Annotator "NA"]
[PlyCount "100"]
[EventDate "2019.07.17"]
[EventType "team-tourn"]
[EventCountry "TUR"]
[SourceTitle "playchess.com"]
[Source "ChessBase"]
[SourceQuality "1"]
[TimeControl "40/5400+30:1800+30"]

1. d4 Nf6 2. c4 e6 3. Nc3 d5 4. cxd5 exd5 5. Bg5 c6 6. e3 Nbd7 7. Bd3 Be7 8. Nge2 Nf8 9. O-O Ne6 10. Bh4 O-O 11. Qb1 g6 12. b4 a6 13. a4 Nh5 14. Bxe7 Qxe7 15. b5 axb5 16. axb5 Rxa1 17. Qxa1 f5 18. bxc6 bxc6 19. Qa4 Bd7 20. g3 Ng5 21. Rb1 f4 22. exf4 Nh3+ 23. Kf1 N3xf4 24. gxf4 Bh3+ 25. Ke1 Nxf4 26. Ba6 Qf6 27. Nxf4 Qxf4 28. Ne2 Qxf2+ 29. Kd2 Qf6 30. Bd3 Bg4 31. Re1 Qg5+ 32. Kc2 Qh4 33. Qb4 Qxh2 34. Qe7 Rf2 35. Kc3 Rf7 36. Qg5 Qc7 37. Ra1 Bxe2 38. Bxe2 c5 39. Qxd5 cxd4+ 40. Kxd4 Kg7 41. Bb5 Qh2 42. Ra2 Qg3 {[%emt 2:12:11]} 43. Bd3 {[%emt 2:05:21]} Re7 {[%emt 0:00:57]} 44. Re2 {[%emt 0:05:01]} Qg1+ {[%emt 0:05:52]} 45. Kc3 {[%emt 0:02:46]} Qc1+ {[%emt 0:00:04]} 46. Kb4 {[%emt 0:05:20]} Rxe2 {[%emt 0:03:21]} 47. Qd4+ {[%emt 0:01:20]} Kh6 {[%emt 0:00:02]} 48. Qh4+ {[%emt 0:00:00]} Kg7 {[%emt 0:00:04]} 49. Qd4+ {[%emt 0:00:00]} Kh6 {[%emt 0:01:34]} 50. Qh4+ {[%emt 0:00:25]} Kg7 {[%emt 0:00:00]} 1/2-1/2

[Event "Turkish Super League 2019"]
[Site "Konya"]
[Date "2019.07.19"]
[Round "3"]
[White "Kilic, Efe Mert"]
[Black "Aydin, Hakan Arda"]
[Result "0-1"]
[WhiteElo "2275"]
[BlackElo "1956"]
[Annotator "NA"]
[PlyCount "114"]
[EventDate "2019.07.17"]
[EventType "team-tourn"]
[EventCountry "TUR"]
[SourceTitle "playchess.com"]
[Source "ChessBase"]
[SourceQuality "1"]
[TimeControl "40/5400+30:1800+30"]

1. e4 e5 2. Nc3 Nf6 3. g3 d5 4. exd5 Nxd5 5. Bg2 Be6 6. Nf3 Nc6 7. O-O Bd6 8. d3 O-O 9. Ng5 Nxc3 10. bxc3 Bf5 11. Rb1 Rb8 12. Be3 Be7 13. Ne4 b6 14. Nd2 Qd7 15. Re1 f6 16. Qf3 Nd8 17. Qd5+ Qxd5 18. Bxd5+ Be6 19. Bg2 a5 20. c4 Bb4 21. Re2 Nf7 22. Ne4 Nd6 23. Nxd6 Bxd6 24. Bc6 Rfd8 25. Kg2 Kf7 26. h3 Bc5 27. Bxc5 bxc5 28. Ree1 Rxb1 29. Rxb1 Rd6 30. Be4 Rb6 31. Rb3 Bd7 32. Bd5+ Ke7 33. g4 Kd6 34. Be4 h6 35. Kg3 g5 36. Kf3 Rb4 37. a3 Rb6 38. Bd5 Ba4 39. Rxb6+ cxb6 40. c3 b5 41. Ke3 b4 42. Kd2 {[%emt 1:57:00]} bxa3 {[%emt 2:18:38]} 43. Kc1 {[%emt 0:00:30]} a2 {[%emt 0:00:30]} 44. Kb2 {[%emt 0:00:30]} Bc2 {[%emt 0:00:30]} 45. Be4 {[%emt 0:00:30]} Bb1 {[%emt 0:00:30]} 46. Bg6 {[%emt 0:02:30]} a4 {[%emt 0:00:22]} 47. Bf5 {[%emt 0:00:30]} a3+ {[%emt 0:00:06]} 48. Ka1 {[%emt 0:00:30]} Kc6 {[%emt 0:00:14]} 49. Bg6 {[%emt 0:00:30]} Kb6 {[%emt 0:00:06]} 50. Bf5 {[%emt 0:00:30]} Ka5 {[%emt 0:00:30]} 51. Bd7 {[%emt 0:00:00]} Bxd3 {[%emt 0:00:36]} 52. Kxa2 {[%emt 0:00:00]} Bf1 {[%emt 0:03:01]} 53. Kxa3 {[%emt 0:00:00]} Bxh3 {[%emt 0:00:00]} 54. Kb3 {[%emt 0:00:00]} h5 {[%emt 0:00:33]} 55. f3 {[%emt 0:00:30]} e4 {[%emt 0:00:50]} 56. gxh5 {[%emt 0:00:30]} Bxd7 {[%emt 0:00:36]} 57. fxe4 {[%emt 0:00:30]} Be8 {[%emt 0:00:19]} 0-1

[Event "Turkish Super League 2019"]
[Site "Konya"]
[Date "2019.07.19"]
[Round "3"]
[White "Keler, Faruk"]
[Black "Ayan, Bengu Sena"]
[Result "1-0"]
[WhiteElo "2263"]
[BlackElo "1885"]
[Annotator "NA"]
[PlyCount "145"]
[EventDate "2019.07.17"]
[EventType "team-tourn"]
[EventCountry "TUR"]
[SourceTitle "playchess.com"]
[Source "ChessBase"]
[SourceQuality "1"]
[TimeControl "40/5400+30:1800+30"]

1. Nf3 d5 2. g3 Nf6 3. Bg2 g6 4. d4 Bg7 5. O-O O-O 6. c4 c6 7. Qb3 a5 8. cxd5 cxd5 9. Nc3 Nc6 10. Rd1 Ra6 11. Ne5 e6 12. Bf4 Rb6 13. Nxc6 Rxc6 14. Na4 Rc4 15. a3 b5 16. Nc5 Qb6 17. e3 Nd7 18. Nd3 Ba6 19. Bf1 Rc6 20. Rac1 Rfc8 21. Rxc6 Rxc6 22. Rc1 Rc4 23. Qd1 Rc6 24. Qd2 Bb7 25. Rxc6 Bxc6 26. Qc3 Bf8 27. b4 a4 28. Nc5 h6 29. h4 h5 30. Bd3 Nf6 31. Qc2 Kh7 32. Be5 Bxc5 33. bxc5 Qd8 34. Qb1 Nd7 35. Bxb5 Nxe5 36. dxe5 Qb8 37. Bd3 Qa7 38. Qb6 Qd7 39. Qb4 Qa7 40. g4 hxg4 41. h5 Be8 42. hxg6+ fxg6 43. Kg2 Qc7 44. Qd4 {[%emt 2:10:58]} Qe7 {[%emt 2:04:26]} 45. Be2 {[%emt 0:00:30]} Qg5 {[%emt 0:03:06]} 46. Bxg4 {[%emt 0:00:28]} Bb5 {[%emt 0:01:14]} 47. Kf3 {[%emt 0:00:43]} Qh4 {[%emt 0:07:19]} 48. Kg2 {[%emt 0:00:38]} Qg5 {[%emt 0:00:28]} 49. Kg3 {[%emt 0:03:26]} Qe7 {[%emt 0:01:41]} 50. Qb4 {[%emt 0:01:12]} Bc6 {[%emt 0:01:37]} 51. Qb6 {[%emt 0:01:08]} Qd7 {[%emt 0:00:06]} 52. Qb8 {[%emt 0:01:02]} d4 {[%emt 0:04:51]} 53. Qd6 {[%emt 0:01:38]} d3 {[%emt 0:00:35]} 54. Qxd7+ {[%emt 0:02:22]} Bxd7 {[%emt 0:00:00]} 55. Kf4 {[%emt 0:00:15]} Kg7 {[%emt 0:00:31]} 56. e4 {[%emt 0:00:13]} Kf7 {[%emt 0:00:35]} 57. Ke3 {[%emt 0:00:30]} Bb5 {[%emt 0:00:09]} 58. Kd2 {[%emt 0:00:00]} Ke7 {[%emt 0:01:08]} 59. Bh3 {[%emt 0:00:00]} Kd7 {[%emt 0:00:12]} 60. Bf1 {[%emt 0:00:27]} Kc6 {[%emt 0:01:29]} 61. Bxd3 {[%emt 0:00:05]} Kxc5 {[%emt 0:00:01]} 62. Bxb5 {[%emt 0:00:37]} Kxb5 {[%emt 0:00:03]} 63. Kd3 {[%emt 0:00:06]} Kc5 {[%emt 0:00:26]} 64. f4 {[%emt 0:00:22]} Kb5 {[%emt 0:01:11]} 65. Kd4 {[%emt 0:00:06]} Kc6 {[%emt 0:00:39]} 66. Kc4 {[%emt 0:00:07]} Kb6 {[%emt 0:00:00]} 67. Kb4 {[%emt 0:00:11]} Kc6 {[%emt 0:00:05]} 68. Kxa4 {[%emt 0:00:45]} Kc5 {[%emt 0:00:05]} 69. Kb3 {[%emt 0:02:16]} Kd4 {[%emt 0:00:41]} 70. a4 {[%emt 0:00:30]} Kxe4 {[%emt 0:00:00]} 71. Kc4 {[%emt 0:00:13]} Kxf4 {[%emt 0:00:00]} 72. a5 {[%emt 0:00:00]} g5 {[%emt 0:00:05]} 73. a6 {[%emt 0:00:00]} 1-0